[Event "IECC 2014-1.07"]
[Site "IECC email"]
[Date "2014.01.05"]
[Round "?"]
[White "Babcock, Chris"]
[Black "Lorenzo, Alfredo"]
[Result "0-1"]
[WhiteElo "1151"]
[BlackElo "1920"]
[PlyCount "118"]
[EventDate "2014.??.??"]
[EventType "tourn (corr)"]
[SourceTitle "Corr 2020"]
[Source "ChessBase"]
[SourceDate "2019.09.30"]
[SourceVersion "1"]
[SourceVersionDate "2019.09.30"]
[SourceQuality "1"]
[WhiteTeam "United States"]
[BlackTeam "France"]
[WhiteTeamCountry "USA"]
[BlackTeamCountry "FRA"]

1. e4 d5 2. exd5 Qxd5 3. Nc3 Qd6 4. Nf3 Nf6 5. d4 a6 6. Bd3 g6 7. 0-0 Bg7 8. Ne2 0-0 9. c3 c5 10. Bf4 Qb6 11. Qd2 Nc6 12. Be3 cxd4 13. Nexd4 Ng4 14. Nxc6 Qxc6 15. Rfe1 Nxe3 16. Qxe3 Rd8 17. Rad1 Be6 18. a3 Rac8 19. Nd4 Bxd4 20. cxd4 Qb6 21. Be4 Rc7 22. b4 Bd5 23. Qg5 Kg7 24. Bxd5 f6 25. Qg4 Rxd5 26. h3 Kf7 27. Qh4 Kg7 28. g3 Rcd7 29. Qg4 h5 30. Qe2 Qd8 31. Qe6 R5d6 32. Qe4 e5 33. Re2 Rxd4 34. Rxd4 exd4 35. Qd3 b5 36. Re4 f5 37. Rf4 Qf6 38. Kh2 Qd6 39. Qd2 Qd5 40. Qd3 Qc4 41. Rf3 Qxd3 42. Rxd3 Kf6 43. f4 Ke6 44. Kg2 Kd5 45. Kf2 Kc4 46. Rf3 d3 47. Ke1 d2+ 48. Kd1 Rd3 49. Rf1 Kb3 50. Rg1 Kxa3 51. g4 hxg4 52. hxg4 Kxb4 53. gxf5 gxf5 54. Rg5 Rd5 55. Rg3 a5 56. Rg5 a4 57. Rg7 a3 58. Ra7 Kb3 59. Ra8 a2 0-1

[Event "CP-2013-P-00024"]
[Site "LSS email"]
[Date "2013.09.30"]
[Round "?"]
[White "Lorenzo, Alfredo"]
[Black "Helmer, Janos"]
[Result "1/2-1/2"]
[WhiteElo "2000"]
[BlackElo "2033"]
[PlyCount "60"]
[EventDate "2013.10.01"]
[EventType "tourn (corr)"]
[EventRounds "6"]
[EventCountry "GER"]
[SourceTitle "Corr 2015"]
[Source "ChessBase"]
[SourceDate "2015.07.17"]
[SourceVersion "1"]
[SourceVersionDate "2015.07.17"]
[SourceQuality "1"]

1. e4 e5 2. Nc3 Bc5 3. g3 Nc6 4. Bg2 d6 5. Nge2 a6 6. d3 Nf6 7. 0-0 0-0 8. Nd5 Nxd5 9. exd5 Ne7 10. d4 Ba7 11. dxe5 dxe5 12. c4 Nf5 13. Bd2 b5 14. cxb5 axb5 15. d6 Rb8 16. dxc7 Qxc7 17. Rc1 Qe7 18. Ba5 Bb6 19. Bxb6 Rxb6 20. Qc2 Be6 21. Qe4 f6 22. f4 Qa7 23. fxe5 Ra6+ 24. Rf2 Ne3 25. Qd4 Nxg2 26. Qxa7 Rxa7 27. Kxg2 fxe5 28. Rxf8+ Kxf8 29. Rc5 Rxa2 30. Rxb5 Bd7 1/2-1/2

[Event "IECC CL3-2013.05 email"]
[Site "IECC email"]
[Date "2013.08.20"]
[Round "?"]
[White "Basson, Heinrich"]
[Black "Lorenzo, Alfredo"]
[Result "1/2-1/2"]
[WhiteElo "1781"]
[BlackElo "1888"]
[PlyCount "43"]
[EventDate "2013.??.??"]
[EventType "tourn (corr)"]
[EventRounds "4"]
[SourceTitle "Telechess CBM 165"]
[Source "ChessBase"]
[SourceDate "2015.03.11"]
[SourceVersion "1"]
[SourceVersionDate "2015.03.11"]
[SourceQuality "1"]
[WhiteTeam "South Africa"]
[BlackTeam "France"]
[WhiteTeamCountry "RSA"]
[BlackTeamCountry "FRA"]

1. d4 Nf6 2. c4 c6 3. Nf3 d5 4. Nc3 g6 5. e3 Bg7 6. Be2 0-0 7. 0-0 Bg4 8. a3 Nbd7 9. h3 Bxf3 10. Bxf3 dxc4 11. b3 cxb3 12. Qxb3 Qc7 13. Rb1 Rab8 14. Rd1 e5 15. d5 cxd5 16. Nxd5 Nxd5 17. Bxd5 Nf6 18. e4 Nxd5 19. Rxd5 Rfd8 20. Bg5 Rxd5 21. Qxd5 Bf8 22. Bf6 1/2-1/2

[Event "IECC CL3-2013.05 email"]
[Site "IECC email"]
[Date "2013.08.20"]
[Round "?"]
[White "Lorenzo, Alfredo"]
[Black "Kepinski, Janusz"]
[Result "1-0"]
[WhiteElo "1897"]
[BlackElo "1839"]
[PlyCount "151"]
[EventDate "2013.??.??"]
[EventType "tourn (corr)"]
[EventRounds "4"]
[SourceTitle "Telechess CBM 165"]
[Source "ChessBase"]
[SourceDate "2015.03.11"]
[SourceVersion "1"]
[SourceVersionDate "2015.03.11"]
[SourceQuality "1"]
[WhiteTeam "France"]
[BlackTeam "Poland"]
[WhiteTeamCountry "FRA"]
[BlackTeamCountry "POL"]

1. e4 e6 2. Nc3 c5 3. g3 d5 4. exd5 exd5 5. Bg2 Nf6 6. d3 Bg4 7. Nge2 Be7 8. h3 Be6 9. Bg5 d4 10. Bxf6 Bxf6 11. Ne4 Be7 12. 0-0 0-0 13. Re1 Nc6 14. Nf4 Bf5 15. a3 Re8 16. Nd5 Rc8 17. Qf3 Qd7 18. Qf4 b6 19. b4 Be6 20. Nxe7+ Nxe7 21. bxc5 bxc5 22. Rab1 Ng6 23. Qf3 Re7 24. Ng5 Nf8 25. Nxe6 Nxe6 26. Re5 c4 27. dxc4 Rxc4 28. Rb8+ Rc8 29. Reb5 Nf8 30. Rxc8 Qxc8 31. Qd3 h6 32. h4 Ne6 33. Bh3 Rc7 34. Qb3 Qe8 35. Bf5 Rc8 36. Re5 Rc3 37. Qd5 Qc6 38. Rxe6 fxe6 39. Bxe6+ Kf8 40. Qd8+ Qe8 41. Qxd4 Rc6 42. Qf4+ Ke7 43. Bd5 Rb6 44. c4 Qd7 45. Qe5+ Kd8 46. c5 Rb1+ 47. Kh2 Qe7 48. Qd4 Kc8 49. c6 Re1 50. a4 Re2 51. Bg2 Re5 52. Bh3+ Kc7 53. Qxa7+ Kxc6 54. Bg2+ Kd6 55. Qb6+ Kd7 56. Qc6+ Kd8 57. Qa8+ Kc7 58. a5 Qc5 59. a6 Qb6 60. Qf8 Ra5 61. Qxg7+ Kb8 62. Qf8+ Kc7 63. Bb7 Qc5 64. Qxc5+ Rxc5 65. g4 Ra5 66. Kg3 Kd7 67. Kf4 Ke6 68. h5 Kf6 69. Ke4 Kg5 70. f3 Kf6 71. Kd4 Kg5 72. Kc4 Kf4 73. Kb4 Ra2 74. Kb5 Ke5 75. Kb6 Kd6 76. Bc6 1-0

[Event "RB-2013-0-00216"]
[Site "LSS email"]
[Date "2013.08.18"]
[Round "?"]
[White "Salonen, Jukka"]
[Black "Lorenzo, Alfredo"]
[Result "0-1"]
[WhiteElo "1872"]
[BlackElo "1971"]
[PlyCount "130"]
[EventDate "2013.06.09"]
[EventType "tourn (corr)"]
[EventRounds "6"]
[EventCountry "GER"]
[SourceTitle "Telechess CBM 163"]
[Source "ChessBase"]
[SourceDate "2014.11.11"]
[SourceVersion "2"]
[SourceVersionDate "2014.11.11"]
[SourceQuality "1"]

1. d4 Nf6 2. c4 c6 3. Nc3 d5 4. e3 g6 5. Nf3 Bg7 6. Be2 0-0 7. 0-0 dxc4 8. Bxc4 b5 9. Bd3 Nbd7 10. Bd2 Bb7 11. Rc1 Rc8 12. Qe2 a6 13. b4 Qc7 14. a4 Qd6 15. e4 e5 16. axb5 cxb5 17. d5 Nb6 18. Rfd1 Nc4 19. Be1 Nh5 20. g3 Nb6 21. Rc2 Nf6 22. Rb1 Rc7 23. Bd2 Nc4 24. Bc1 Rfc8 25. Rb3 Ne8 26. Bg5 Qf8 27. h4 Ned6 28. Bxc4 Nxc4 29. Ne1 f5 30. Nd3 f4 31. Nc5 h6 32. Ne6 Qd6 33. Nxc7 Rxc7 34. gxf4 hxg5 35. fxg5 Rf7 36. f3 Bf8 37. Qf2 Qc7 38. Kg2 Bc8 39. Nd1 Rf4 40. h5 Qd8 41. Ne3 Qxg5+ 42. Qg3 Qxh5 43. Nxc4 bxc4 44. Rxc4 Bd7 45. Rc7 Rf7 46. Rc1 Bh3+ 47. Kf2 Be7 48. Ke2 Bd7 49. Rc6 Bxc6 50. dxc6 Bd6 51. Ra3 Bxb4 52. Rxa6 Qh6 53. Ra8+ Kh7 54. Rb8 Bc3 55. f4 Qh5+ 56. Qf3 Qh2+ 57. Qf2 Qxf2+ 58. Kxf2 exf4 59. Kf3 Be5 60. Re8 Bc7 61. Ra8 g5 62. Ra3 Kg6 63. Ra8 Rf6 64. Ra6 Kh5 65. e5 Re6 0-1

[Event "CP-2009-Q-00007"]
[Site "LSS email"]
[Date "2011.02.03"]
[Round "?"]
[White "Kireev, Sergey Ivanovich"]
[Black "Lorenzo, Alfredo"]
[Result "1/2-1/2"]
[WhiteElo "2322"]
[BlackElo "1943"]
[PlyCount "70"]
[EventDate "2011.02.05"]
[EventType "tourn (corr)"]
[EventRounds "6"]
[EventCountry "GER"]
[SourceTitle "Telechess CBM 155"]
[Source "ChessBase"]
[SourceDate "2013.07.16"]
[SourceVersion "1"]
[SourceVersionDate "2013.07.16"]
[SourceQuality "1"]

1. e4 d5 2. exd5 Qxd5 3. Nc3 Qd6 4. d4 Nf6 5. Nf3 a6 6. g3 Bg4 7. Bg2 Nc6 8. 0-0 0-0-0 9. d5 Ne5 10. Bf4 Nxf3+ 11. Bxf3 Bxf3 12. Qxf3 e5 13. dxe6 Qxe6 14. Bg5 Bd6 15. Rae1 Be5 16. Na4 Rhe8 17. Nc5 Qd5 18. Qxd5 Rxd5 19. Bxf6 gxf6 20. Nd3 Re6 21. Re4 Bd6 22. Rfe1 Kd7 23. Kf1 Ra5 24. a3 Rh5 25. Kg2 Rd5 26. Rh4 Rxe1 27. Nxe1 Rd1 28. Nd3 Rd2 29. Kf1 Rxc2 30. Ke1 Ke6 31. Kd1 Rc6 32. Rxh7 Rc4 33. Rh8 f5 34. f4 Rd4 35. Kc2 Rc4+ 1/2-1/2

[Event "CP-2009-Q-00007"]
[Site "LSS email"]
[Date "2011.02.03"]
[Round "?"]
[White "Lorenzo, Alfredo"]
[Black "Boettcher, Fred"]
[Result "1/2-1/2"]
[WhiteElo "1943"]
[BlackElo "2166"]
[PlyCount "55"]
[EventDate "2011.02.05"]
[EventType "tourn (corr)"]
[EventRounds "6"]
[EventCountry "GER"]
[SourceTitle "Telechess CBM 155"]
[Source "ChessBase"]
[SourceDate "2013.07.16"]
[SourceVersion "1"]
[SourceVersionDate "2013.07.16"]
[SourceQuality "1"]

1. e4 c5 2. Nc3 Nc6 3. g3 g6 4. Bg2 Bg7 5. Nge2 d6 6. 0-0 e6 7. d3 Nge7 8. Be3 Nd4 9. Qd2 0-0 10. Nd1 Nxe2+ 11. Qxe2 b6 12. c3 Ba6 13. f4 Rc8 14. Nf2 d5 15. e5 Nf5 16. Bd2 Qd7 17. a4 Rc7 18. a5 b5 19. g4 Ne7 20. d4 cxd4 21. cxd4 Rc2 22. Qd3 Rxb2 23. Qc3 Rxd2 24. Qxd2 b4 25. Nd3 Bxd3 26. Qxd3 Rb8 27. Rfb1 Nc6 28. Bf3 1/2-1/2

[Event "CP-2009-Q-00007"]
[Site "LSS email"]
[Date "2011.02.03"]
[Round "?"]
[White "Meiners, Edwin Paul"]
[Black "Lorenzo, Alfredo"]
[Result "1/2-1/2"]
[WhiteElo "2224"]
[BlackElo "1943"]
[PlyCount "44"]
[EventDate "2011.02.05"]
[EventType "tourn (corr)"]
[EventRounds "6"]
[EventCountry "GER"]
[SourceTitle "Telechess CBM 155"]
[Source "ChessBase"]
[SourceDate "2013.07.16"]
[SourceVersion "1"]
[SourceVersionDate "2013.07.16"]
[SourceQuality "1"]

1. e4 d5 2. exd5 Qxd5 3. Nc3 Qd6 4. d4 Nf6 5. Nf3 a6 6. Bd3 g6 7. 0-0 Bg7 8. Be3 0-0 9. Re1 Nc6 10. Ne4 Nxe4 11. Bxe4 Be6 12. c3 Rfd8 13. Qd2 Rac8 14. Bf4 Qd7 15. Bh6 Bd5 16. b3 Bxe4 17. Rxe4 f5 18. Ree1 e5 19. Bxg7 Qxg7 20. Qe2 exd4 21. Ng5 Rd7 22. Qc4+ Kh8 1/2-1/2

[Event "P-4600"]
[Site "IECC email"]
[Date "2009.12.16"]
[Round "?"]
[White "Urbaniak, Marcin"]
[Black "Lorenzo, Alfredo"]
[Result "1/2-1/2"]
[WhiteElo "1629"]
[BlackElo "1880"]
[PlyCount "86"]
[EventDate "2009.??.??"]
[EventType "tourn (corr)"]
[SourceTitle "Telechess CBM 149"]
[Source "ChessBase"]
[SourceDate "2012.07.17"]
[SourceVersion "1"]
[SourceVersionDate "2012.07.17"]
[SourceQuality "1"]
[WhiteTeam "Poland"]
[BlackTeam "France"]
[WhiteTeamCountry "POL"]
[BlackTeamCountry "FRA"]

1. e4 d5 2. exd5 Qxd5 3. Nc3 Qd6 4. d4 Nf6 5. Nf3 c6 6. Bc4 Bg4 7. 0-0 e6 8. Be3 Nbd7 9. h3 Bh5 10. a4 Be7 11. Be2 0-0 12. Qd2 Qc7 13. Rfe1 Rad8 14. Bf4 Bd6 15. Bxd6 Qxd6 16. Rad1 h6 17. g4 Bg6 18. Bd3 Bxd3 19. Qxd3 Rfe8 20. Kg2 Nb6 21. Ne5 Nfd5 22. Nxd5 cxd5 23. Qb3 Rc8 24. c3 Re7 25. Re2 Nc4 26. Nxc4 Rxc4 27. Ra1 f6 28. Rae1 Rc8 29. f4 Qxf4 30. Rxe6 Rxe6 31. Rxe6 Qd2+ 32. Kg3 Qd3+ 33. Kf2 Rd8 34. Qxb7 Qxh3 35. Qxa7 Qh4+ 36. Kf1 Qxg4 37. Re7 Qd1+ 38. Kf2 Qc2+ 39. Re2 Qf5+ 40. Ke1 Qb1+ 41. Kf2 Qf5+ 42. Ke1 Qb1+ 43. Kf2 Qf5+ 1/2-1/2

[Event "LSS CP-2009-P-00079"]
[Site "LSS email"]
[Date "2009.09.27"]
[Round "?"]
[White "Isliyen, Mehmet"]
[Black "Lorenzo, Alfredo"]
[Result "0-1"]
[WhiteElo "1183"]
[BlackElo "1901"]
[PlyCount "62"]
[EventDate "2009.10.01"]
[EventType "tourn (corr)"]
[EventRounds "6"]
[EventCountry "GER"]
[SourceTitle "Telechess CBM 137"]
[Source "ChessBase"]
[SourceDate "2010.07.15"]
[SourceVersion "1"]
[SourceVersionDate "2010.07.15"]
[SourceQuality "1"]

1. e4 d6 2. d4 Nf6 3. Nc3 c6 4. Bg5 Qb6 5. Rb1 Nbd7 6. Bd3 Qxd4 7. Nf3 Qb6 8. 0-0 g6 9. Na4 Qc7 10. Re1 Bg7 11. Bxf6 Nxf6 12. c4 0-0 13. Rc1 Rd8 14. Nc3 Ng4 15. h3 Ne5 16. b4 a5 17. b5 Nxf3+ 18. Qxf3 Bxc3 19. Rxc3 cxb5 20. Rec1 b4 21. R3c2 Be6 22. c5 dxc5 23. Rxc5 Qd6 24. h4 Qxd3 25. Qf4 Bxa2 26. Rc7 Qd2 27. Qxd2 Rxd2 28. Rxb7 b3 29. Rcc7 b2 30. Rxe7 b1Q+ 31. Kh2 Qe1 0-1

[Event "LSS CP-2009-P-00079"]
[Site "LSS email"]
[Date "2009.09.27"]
[Round "?"]
[White "Lorenzo, Alfredo"]
[Black "Baroin, Bernard"]
[Result "1/2-1/2"]
[WhiteElo "1910"]
[BlackElo "2048"]
[PlyCount "41"]
[EventDate "2009.10.01"]
[EventType "tourn (corr)"]
[EventRounds "6"]
[EventCountry "GER"]
[SourceTitle "Corr 2013"]
[Source "ChessBase"]
[SourceDate "2012.11.12"]
[SourceVersion "1"]
[SourceVersionDate "2012.11.12"]
[SourceQuality "1"]
[WhiteTeam "US of America"]
[BlackTeam "US of America"]
[WhiteTeamCountry "USA"]
[BlackTeamCountry "USA"]

1. e4 e5 2. Nc3 Nf6 3. Bc4 Nc6 4. d3 Na5 5. Nge2 Nxc4 6. dxc4 Bc5 7. 0-0 d6 8. Qd3 Be6 9. b3 0-0 10. Bg5 h6 11. Bd2 a6 12. Rad1 c6 13. a4 Qe7 14. Be3 Bb4 15. h3 Rac8 16. f4 exf4 17. Bxf4 Rfd8 18. Qf3 d5 19. exd5 cxd5 20. cxd5 Nxd5 21. Nxd5 1/2-1/2

[Event "LSS RC-2008-0-00018"]
[Site "LSS email"]
[Date "2008.12.08"]
[Round "?"]
[White "Huntley, Theron"]
[Black "Lorenzo, Alfredo"]
[Result "1-0"]
[WhiteElo "1541"]
[BlackElo "1897"]
[PlyCount "84"]
[EventDate "2008.11.26"]
[EventType "tourn (corr)"]
[EventRounds "6"]
[EventCountry "GER"]
[SourceTitle "Corr 2013"]
[Source "ChessBase"]
[SourceDate "2012.11.12"]
[SourceVersion "1"]
[SourceVersionDate "2012.11.12"]
[SourceQuality "1"]

1. d4 d5 2. c4 c6 3. Nc3 Nf6 4. Nf3 Bf5 5. cxd5 cxd5 6. Qb3 Qb6 7. Nxd5 Nxd5 8. Qxd5 e6 9. Qb3 Nd7 10. Qxb6 Nxb6 11. Nd2 Bg6 12. e3 Rc8 13. Bb5+ Ke7 14. b3 Kf6 15. a3 Bd6 16. h4 Ke7 17. h5 Bc2 18. Bb2 f6 19. Rc1 Rhd8 20. Be2 e5 21. h6 g6 22. dxe5 Bxe5 23. Bxe5 fxe5 24. Rh4 Bf5 25. Rxc8 Rxc8 26. Bf3 Bd3 27. Kd1 Rc7 28. Be4 Bxe4 29. Rxe4 Kf6 30. Rb4 g5 31. Rb5 Rd7 32. e4 Nc8 33. Rd5 Rxd5 34. exd5 Kf5 35. f3 Nb6 36. d6 Nd7 37. Kc2 Kg6 38. Kd3 Kxh6 39. Ke4 Kg6 40. Kd5 Kf7 41. Ne4 h6 42. g4 Nc5 1-0

[Event "LSS RC-2008-0-00018"]
[Site "LSS email"]
[Date "2008.12.06"]
[Round "?"]
[White "Kis Kos, Laszlo"]
[Black "Lorenzo, Alfredo"]
[Result "1/2-1/2"]
[WhiteElo "1657"]
[BlackElo "1897"]
[PlyCount "34"]
[EventDate "2008.11.26"]
[EventType "tourn (corr)"]
[EventRounds "6"]
[EventCountry "GER"]
[SourceTitle "Corr 2011"]
[Source "ChessBase"]
[SourceDate "2010.08.31"]
[SourceVersion "1"]
[SourceVersionDate "2010.08.31"]
[SourceQuality "1"]

1. e4 d6 2. d4 Nf6 3. Nc3 c6 4. Nf3 Bg4 5. h3 Bh5 6. Be2 Nbd7 7. 0-0 Qc7 8. Re1 e5 9. Be3 Be7 10. dxe5 dxe5 11. Nh4 Bg6 12. Nxg6 hxg6 13. Qd2 0-0 14. Rad1 Rad8 15. Bd3 Nc5 16. f3 Nxd3 17. cxd3 Nh5 1/2-1/2

[Event "LSS RC-2008-0-00016"]
[Site "LSS email"]
[Date "2008.11.05"]
[Round "?"]
[White "Selmeczi, Jozsef"]
[Black "Lorenzo, Alfredo"]
[Result "1/2-1/2"]
[WhiteElo "1560"]
[BlackElo "1842"]
[PlyCount "120"]
[EventDate "2008.10.31"]
[EventType "tourn (corr)"]
[EventRounds "6"]
[EventCountry "GER"]
[SourceTitle "Corr 2013"]
[Source "ChessBase"]
[SourceDate "2012.11.12"]
[SourceVersion "1"]
[SourceVersionDate "2012.11.12"]
[SourceQuality "1"]

1. d4 Nf6 2. Nf3 g6 3. Nbd2 Bg7 4. e4 d6 5. Bc4 0-0 6. 0-0 Bg4 7. h3 Bxf3 8. Nxf3 e6 9. e5 Nd5 10. Re1 Nc6 11. c3 dxe5 12. dxe5 h6 13. Bb5 Nce7 14. Qd4 c6 15. Bd3 Nf5 16. Qe4 Qe7 17. a4 Rad8 18. a5 Rd7 19. Bc2 Rfd8 20. h4 c5 21. Qg4 h5 22. Qe4 Bh6 23. Bxh6 Nxh6 24. Ba4 Rc7 25. Bb5 Rcc8 26. Bc4 Qc7 27. a6 b6 28. Red1 Qc6 29. Qd3 Ng4 30. Bb5 Qc7 31. Qe2 Ne7 32. Rxd8+ Rxd8 33. Rf1 Nc6 34. Re1 Ne7 35. Qe4 Kg7 36. g3 Nd5 37. Ng5 Nh6 38. Re2 Qe7 39. Rc2 Qc7 40. Nf3 Qc8 41. Rd2 Nc7 42. Be2 Rd5 43. Qf4 Qd7 44. Rc2 Nf5 45. Nd2 Qd8 46. Ne4 Rd7 47. Nf6 Nd5 48. Nxd5 Rxd5 49. Bf3 Rd1+ 50. Kh2 Rd3 51. Kh3 Qd7 52. Kg2 Qb5 53. Qe4 Rd8 54. Be2 Qd7 55. Bc4 Qa4 56. b3 Qd7 57. Qb7 Qd1 58. Re2 Rd7 59. Qc6 Rd5 60. Qa8 Rd7 1/2-1/2

[Event "LSS RC-2008-0-00016"]
[Site "LSS email"]
[Date "2008.11.05"]
[Round "?"]
[White "Vio, Mauro"]
[Black "Lorenzo, Alfredo"]
[Result "1/2-1/2"]
[WhiteElo "1576"]
[BlackElo "1842"]
[PlyCount "56"]
[EventDate "2008.10.31"]
[EventType "tourn (corr)"]
[EventRounds "6"]
[EventCountry "GER"]
[SourceTitle "Corr 2013"]
[Source "ChessBase"]
[SourceDate "2012.11.12"]
[SourceVersion "1"]
[SourceVersionDate "2012.11.12"]
[SourceQuality "1"]

1. c4 Nf6 2. d4 e6 3. Nf3 d5 4. e3 c6 5. Nbd2 Nbd7 6. Bd3 Bd6 7. c5 Bc7 8. 0-0 0-0 9. Qc2 e5 10. dxe5 Nxe5 11. Nxe5 Bxe5 12. Nf3 Bc7 13. Nd4 Re8 14. b4 Bd7 15. Bb2 Ne4 16. f3 Nf6 17. Rfe1 h6 18. Nf5 Bxf5 19. Bxf5 Be5 20. Bd4 Qc7 21. g3 g6 22. Bh3 Nh7 23. Bg2 Re7 24. f4 Bxd4 25. exd4 Nf6 26. Bf3 Rxe1+ 27. Rxe1 a5 28. f5 g5 1/2-1/2

[Event "LSS CP-2008-P-00035"]
[Site "LSS email"]
[Date "2008.10.01"]
[Round "?"]
[White "Bernal Varela, Nelson"]
[Black "Lorenzo, Alfredo"]
[Result "1/2-1/2"]
[WhiteElo "2275"]
[BlackElo "1881"]
[PlyCount "109"]
[EventDate "2008.10.01"]
[EventType "tourn (corr)"]
[EventRounds "6"]
[EventCountry "GER"]
[SourceTitle "Corr 2011"]
[Source "ChessBase"]
[SourceDate "2010.08.31"]
[SourceVersion "1"]
[SourceVersionDate "2010.08.31"]
[SourceQuality "1"]

1. e4 d6 2. d4 Nf6 3. Nc3 c6 4. Nf3 Bg4 5. Be2 e6 6. 0-0 Be7 7. h3 Bh5 8. Bf4 0-0 9. Re1 d5 10. e5 Nfd7 11. a3 c5 12. dxc5 Nxc5 13. Qd2 Nc6 14. Rad1 a5 15. Qe3 Rc8 16. Nb5 Ne4 17. c3 Bc5 18. Nfd4 Bxe2 19. Qxe2 Qh4 20. Bh2 Nxd4 21. cxd4 Be7 22. Rc1 Rc6 23. Rxc6 bxc6 24. Na7 c5 25. Nc6 Bg5 26. dxc5 a4 27. Qf1 Nxc5 28. Bg3 Qc4 29. Qxc4 dxc4 30. f4 Rc8 31. Na7 Ra8 32. fxg5 Rxa7 33. Rc1 Nd3 34. Rxc4 Ra8 35. Kf1 Nxb2 36. Rb4 Nd3 37. Rd4 Nb2 38. Bf4 Rc8 39. Rb4 Nd3 40. Rxa4 Nxf4 41. Rxf4 Rc2 42. Ra4 h5 43. gxh6 gxh6 44. h4 h5 45. Re4 Kg7 46. a4 Kg6 47. Re2 Rc5 48. Kf2 Kf5 49. Kf3 Ra5 50. Re4 Rc5 51. Rf4+ Kxe5 52. Rxf7 Rc3+ 53. Kf2 Ra3 54. Rh7 Kf4 55. Rxh5 1/2-1/2

[Event "LSS CP-2008-P-00035"]
[Site "LSS email"]
[Date "2008.10.01"]
[Round "?"]
[White "Schubert, Steffen"]
[Black "Lorenzo, Alfredo"]
[Result "1/2-1/2"]
[WhiteElo "1929"]
[BlackElo "1805"]
[PlyCount "39"]
[EventDate "2008.10.01"]
[EventType "tourn (corr)"]
[EventRounds "6"]
[EventCountry "GER"]
[SourceTitle "Corr 2013"]
[Source "ChessBase"]
[SourceDate "2012.11.12"]
[SourceVersion "1"]
[SourceVersionDate "2012.11.12"]
[SourceQuality "1"]
[WhiteTeam "US of America"]
[BlackTeam "US of America"]
[WhiteTeamCountry "USA"]
[BlackTeamCountry "USA"]

1. e4 d6 2. d4 Nf6 3. Nc3 g6 4. Nf3 Bg7 5. Be2 0-0 6. Be3 Bg4 7. h3 Bxf3 8. Bxf3 Nbd7 9. h4 c5 10. h5 cxd4 11. Bxd4 Ne5 12. Bxe5 dxe5 13. h6 Bh8 14. Qxd8 Rfxd8 15. Rd1 e6 16. Rd3 Rxd3 17. cxd3 Rc8 18. Bd1 Kf8 19. Nb1 Ke7 20. Nd2 1/2-1/2

[Event "LSS RC-2008-0-00012"]
[Site "LSS email"]
[Date "2008.09.03"]
[Round "?"]
[White "Raluy Lopez, Marcos"]
[Black "Lorenzo, Alfredo"]
[Result "0-1"]
[WhiteElo "1415"]
[BlackElo "1922"]
[PlyCount "30"]
[EventDate "2008.08.28"]
[EventType "tourn (corr)"]
[EventRounds "6"]
[EventCountry "GER"]
[SourceTitle "Corr 2013"]
[Source "ChessBase"]
[SourceDate "2012.11.12"]
[SourceVersion "1"]
[SourceVersionDate "2012.11.12"]
[SourceQuality "1"]

1. d4 Nf6 2. c4 e5 3. dxe5 Ng4 4. Bf4 Nc6 5. Nf3 Bb4+ 6. Nc3 Qe7 7. Qd5 f6 8. exf6 Bxc3+ 9. bxc3 Nxf6 10. Qd3 d6 11. g3 Ne4 12. Bg2 Nc5 13. Qe3 Na5 14. Nd2 Be6 15. Bg5 Qf7 0-1

[Event "LSS RC-2008-0-00012"]
[Site "LSS email"]
[Date "2008.09.02"]
[Round "?"]
[White "Lorenzo, Alfredo"]
[Black "Hamer, John"]
[Result "1/2-1/2"]
[WhiteElo "1922"]
[BlackElo "1746"]
[PlyCount "43"]
[EventDate "2008.08.28"]
[EventType "tourn (corr)"]
[EventRounds "6"]
[EventCountry "GER"]
[SourceTitle "Corr 2013"]
[Source "ChessBase"]
[SourceDate "2012.11.12"]
[SourceVersion "1"]
[SourceVersionDate "2012.11.12"]
[SourceQuality "1"]

1. e4 e5 2. Nf3 Nc6 3. d4 exd4 4. Bc4 Nf6 5. e5 d5 6. Bb5 Ne4 7. Nxd4 Bd7 8. Bxc6 bxc6 9. 0-0 Bc5 10. Be3 Qe7 11. Re1 0-0 12. f3 Ng5 13. Nc3 Ne6 14. Qd2 Rfb8 15. Nb3 Bxe3+ 16. Qxe3 a5 17. a4 Rb4 18. Rad1 Nf4 19. g3 Nh3+ 20. Kg2 Ng5 21. h4 Ne6 22. Rd2 1/2-1/2

[Event "LSS RC-2008-0-00011"]
[Site "LSS email"]
[Date "2008.08.31"]
[Round "?"]
[White "Lorenzo, Alfredo"]
[Black "Mueller, Michael"]
[Result "1/2-1/2"]
[WhiteElo "1922"]
[BlackElo "2185"]
[PlyCount "35"]
[EventDate "2008.08.22"]
[EventType "tourn (corr)"]
[EventRounds "6"]
[EventCountry "GER"]
[SourceTitle "Corr 2013"]
[Source "ChessBase"]
[SourceDate "2012.11.12"]
[SourceVersion "1"]
[SourceVersionDate "2012.11.12"]
[SourceQuality "1"]

1. e4 e5 2. Nf3 Nc6 3. d4 exd4 4. Bc4 Nf6 5. 0-0 Nxe4 6. Re1 d5 7. Bxd5 Qxd5 8. Nc3 Qa5 9. Nxe4 Be6 10. Neg5 0-0-0 11. Nxe6 fxe6 12. Rxe6 Bd6 13. Bg5 Rde8 14. Qe2 Kd7 15. Rxe8 Rxe8 16. Qd3 Ne5 17. Qf5+ Re6 18. Nxd4 1/2-1/2